BIBLIOTECA

SENCICO

El maestro de obra : tecnología de la construcción (Registro nro. 1961)

Detalles MARC
000 -LEADER
fixed length control field 00842nam a2200265Ia 4500
005 - DATE AND TIME OF LATEST TRANSACTION
control field 20251020182527.0
008 - FIXED-LENGTH DATA ELEMENTS--GENERAL INFORMATION
fixed length control field 200515s9999 xx 000 0 und d
082 ## - DEWEY DECIMAL CLASSIFICATION NUMBER
Classification number 693/P13
100 ## - MAIN ENTRY--PERSONAL NAME
Personal name PACHECO ZUÑIGA, Julio
245 #0 - TITLE STATEMENT
Title El maestro de obra : tecnología de la construcción
260 ## - PUBLICATION, DISTRIBUTION, ETC.
Place of publication, distribution, etc. Lima
260 ## - PUBLICATION, DISTRIBUTION, ETC.
Date of publication, distribution, etc. 1994
500 ## - GENERAL NOTE
General note 1 ejemplar
520 ## - SUMMARY, ETC.
Summary, etc. Se ha organizado y desarrollado los temas en forma tal que reflejan el proceso usual de la construcción de obras: desde el planeamiento y organización de los trabajos hasta el que corresponde a la tecnología del concreto
650 ## - SUBJECT ADDED ENTRY--TOPICAL TERM
Topical term or geographic name entry element ALBAÑILERIA
650 ## - SUBJECT ADDED ENTRY--TOPICAL TERM
Topical term or geographic name entry element CIMENTACIONES
650 ## - SUBJECT ADDED ENTRY--TOPICAL TERM
Topical term or geographic name entry element CONCRETO
650 ## - SUBJECT ADDED ENTRY--TOPICAL TERM
Topical term or geographic name entry element CONSTRUCCION
650 ## - SUBJECT ADDED ENTRY--TOPICAL TERM
Topical term or geographic name entry element ENCOFRADOS
650 ## - SUBJECT ADDED ENTRY--TOPICAL TERM
Topical term or geographic name entry element FIERRERIA
650 ## - SUBJECT ADDED ENTRY--TOPICAL TERM
Topical term or geographic name entry element LIB
650 ## - SUBJECT ADDED ENTRY--TOPICAL TERM
Topical term or geographic name entry element MAESTRO DE OBRA
650 ## - SUBJECT ADDED ENTRY--TOPICAL TERM
Topical term or geographic name entry element PUB SENCICO
942 ## - ADDED ENTRY ELEMENTS (KOHA)
Koha item type Libros
Existencias
Fecha de la última vez que lo usaron Pago total Signatura topográfica completa Código de barras Precio efectivo desde Tipo de documento Estado perdido Estado dañado No es para préstamo Retirado Ubicación permanente Ubicación actual Fecha de adquisición
15/05/2020   693/P13 Bib-Lima15051961 15/05/2020 Libros         Biblioteca Central Lima Biblioteca Central Lima 15/05/2020